000 00794nam a2200229Ia 4500
005 20241129105931.0
008 241129s9999||||xx |||||||||||||| ||und||
020 _a978-81-267-1535-0
037 _aTB
040 _aARTS
_bhin
_cARTS
041 _ahin
_2hin
084 _aO152,3N44w,1 Q8
_qARTS
100 _aमैत्रेयी पुष्पा, ले.
245 0 _aगुड़िया भीतर गुड़िया: आत्मकथा
_cमैत्रेयी पुष्पा, ले.
250 _a4
260 _aनई दिल्ली, भारत
_bराजकमल प्रकाशन
_c2022
300 _a352पृ0
365 _aINR
_b895
650 _aHindi Fiction
942 _cTB
_hO152,3N44w,1 Q8
999 _c1226648
_d1226648